Alphabet militaire aléatoire - Statistiques

Statistiques générales
  • Ce quiz a été pris 1 362 fois
  • Le résultat moyen est 8 sur 10
Statistiques - réponses
Hint Réponse % Correct
A Alpha
98%
D Delta
95%
C Charlie
94%
B Bravo
90%
T Tango
84%
E Echo
83%
P Papa
82%
Z Zulu
81%
F Foxtrot
80%
R Romeo
78%
K Kilo
77%
J Juliet
75%
H Hotel
73%
S Sierra
73%
I India
72%
O Oscar
72%
X X-ray
72%
Y Yankee
72%
G Golf
70%
W Whisky
70%
L Lima
69%
N November
69%
M Mike
67%
Q Quebec
67%
V Victor
67%
U Uniform
65%
Aucun quiz correspondant
Distribution des résultats
% des personnes avec chaque résultat
Percentile par nombre de réponses
Votre historique - résultats
Vous n’avez pas pris ce quiz